000 00394cam a2200157ua 4500
041 _aeng
_h
082 _a828.09
_bDAV/HE
100 _aDavie, Donald .
245 _aHeyday of Sir Walter Scott /
_cDonald Davie.
_hTextual Documents
250 _a1 /
_b.
260 _aLondon :
_bRoutledge & Kegan Paul Ltd ,
_c1961.
300 _a168 ; .
504 _a
942 _cBK
999 _c8803
_d8803